Kamalayang Panlipunan : (Record no. 5334)

MARC details
000 -LEADER
fixed length control field 00658nam a22001817a 4500
003 - CONTROL NUMBER IDENTIFIER
control field OSt
005 - DATE AND TIME OF LATEST TRANSACTION
control field 20251030055421.0
008 - FIXED-LENGTH DATA ELEMENTS--GENERAL INFORMATION
fixed length control field 251030b |||||||| |||| 00| 0 eng d
020 ## - INTERNATIONAL STANDARD BOOK NUMBER
International Standard Book Number 978-621-405-484-8
040 ## - CATALOGING SOURCE
Original cataloging agency DWCL - Main Lib.
Transcribing agency OC
082 ## - DEWEY DECIMAL CLASSIFICATION NUMBER
Classification number Fil. 909 K15v 2021
100 ## - MAIN ENTRY--PERSONAL NAME
Personal name Sarao, Virzon L [and three others]
245 ## - TITLE STATEMENT
Title Kamalayang Panlipunan :
Remainder of title Kasaysayan ng Daigdig 8 /
Statement of responsibility, etc. Virson L . Sarao, Neil Alvin E. Nicerio, Angelica T. Alcazar and Rodrigo G. Langit JR.
260 ## - PUBLICATION, DISTRIBUTION, ETC.
Place of publication, distribution, etc. Quezon City, Manila:
Name of publisher, distributor, etc. Abiva Publishing,
Date of publication, distribution, etc. c2021.
300 ## - PHYSICAL DESCRIPTION
Extent iv, 499p :
Other physical details color illustration,
Dimensions 25cm.
650 ## - SUBJECT ADDED ENTRY--TOPICAL TERM
Topical term or geographic name entry element 1. History
942 ## - ADDED ENTRY ELEMENTS (KOHA)
Source of classification or shelving scheme Dewey Decimal Classification
Koha item type Book-Filipiniana
Call number prefix Fil.
Suppress in OPAC No
952 ## - LOCATION AND ITEM INFORMATION (KOHA)
--
Holdings
Withdrawn status Lost status Source of classification or shelving scheme Damaged status Not for loan Home library Current library Shelving location Date acquired Source of acquisition Total Checkouts Full call number Barcode Date last seen Copy number Price effective from Koha item type Uniform Resource Identifier
    Dewey Decimal Classification     Junior High School Library Junior High School Library Filipiniana 10/30/2025 School Fund   Fil. 909 K15v 2021 JHS - 20952 10/30/2025 c1 10/30/2025 BK-FIL